000
00291nam a2200109Ia 4500
008
200302s9999 xx 000 0 und d
100
_a
Robert O. Parmley P. E.
245
_a
Civil Engineers Illustrated Source Book
260
_b
Tata Mcgraw-Hill Co. Inc.
260
_c
2003
300
_a
32-21 P.,
999
_c
1868
_d
1868